| 000 | 00403nam a22001577a 4500 | ||
|---|---|---|---|
| 003 | NUST | ||
| 038 | _awaseem | ||
| 082 | _aBESE-2 | ||
| 100 |
_aMaham Zaidi ; Fatima, Mubeen _931100 |
||
| 245 | _aE-Volunteers | ||
| 260 |
_aIslamabad _bNUST-SEECS _c2015 |
||
| 300 |
_aPV _eCD include |
||
| 700 |
_aKashif Sharif _931101 |
||
| 856 | _uhttp://10.250.8.41:8080/xmlui/handle/123456789/5233 | ||
| 942 |
_cPR _2ddc |
||
| 999 |
_c13277 _d13277 |
||